000 00484nam a2200169 i 4500
001 bg
100 1 _aStanisławski, Jan.
245 1 0 _aWielki słownik polsko-angielski z suplementem.
_nT.1,
_pA-Ó /
_cJ. Stanisławski.
246 3 _aGreat Polish-English dictionary
250 _aWyd. 11.
260 _aWarszawa :
_bWiedza Powszechna,
_c1990.
650 4 _aSłownik angielsko-polski
040 _cBPK
041 _apol
942 _cKS
008 s pl f |000 0 pol
999 _c29533
_d29533
856 _uhttp://koha.tu.koszalin.pl/cgi-bin/koha/opac-detail.pl?biblionumber=29533
_yKatalog online BPK